Statistics for Top 10 US States: Highest % of people with German ancestry

Click here to take the quiz!

General Stats

  • This quiz has been taken 44 times
  • The average score is 8 of 10

Answer Stats

% Answer % Correct
35.7 Iowa  
98%
27 Montana  
86%
26.5 Ohio  
86%
46.8 North Dakota  
86%
38.4 Minnesota  
86%
44.5 South Dakota  
86%
42.7 Nebraska  
83%
43.8 Wisconsin  
81%
25.8Kansas
81%
25.9 Wyoming  
52%

Score Distribution

Percentile by Number Answered

Percent of People with Each Score

Your Score History

You have not taken this quiz